00989cam a22002412 4500001001100000005001700011008004100028020004900069020003400118040001500152050002000167100004600187245011000233250001300343260004800356300008200404504005100486650005400537650004800591650003900639700003300678700003600711000000126120151217154328.0070228s xx 000 0 eng d a0073039357 (student's ed.) :cKES 500 (don.) a0073039365 (instructor's ed.) aKABUcKABU 0aHA29b.M37 19991 aMason, Robert Deward,d1919-.@000014988510aStatistical techniques in business and economics /cRobert D. Mason, Douglas A. Lind, William G. Marchal. a10th ed. aBoston, Mass. :bIrwin/McGraw-Hill,cc1999. axx, 791 p. :bcol. ill. ;c27 cm. +e1 computer laser optical disc (43/4 in.) aIncludes bibliographical references and index. 0aSocial sciencesxStatistical methods.@0000148274 0aEconomicsxStatistical methods.@0000149882 0aCommercial statistics.@00001498841 aLind, Douglas A.@00001498811 aMarchal, William G.@0000149886